000 00338nam a22001457a 4500
008 221219b ||||| |||| 00| 0 eng d
020 _a2901449641510
041 _aeng
080 _2SEVENTH EDITION
_a61
082 _a61CAR
100 _a4
101 _aMJEKS
245 _aEMERGENCY CARE IN THE STREETS
_cCAROLINE N
942 _2udc
_cBK
999 _c59205
_d59205